000 00678nam a2200289Ia 4500
005 20260324150824.0
008 008 260324s9999 xx 000 0 eng d
020 _a9781003326069
037 _aEBOOK
040 _aCRL
040 _beng
040 _cCRL
041 _2eng
041 _aeng
084 _qCRL
100 _aNicholas Mansergh
_91226181
245 4 _aThe Government of Northern Ireland
245 2 _bA Study in Devolution
260 _bTaylor and Francis
260 _c1936
365 _a
365 _b180
856 _uhttp://www.taylorfrancis.com/books/9781003326069
942 _cEBOOK
999 _c1837871
_d1837871